MARC
| LEADER | 00000 a a2200000 04500 | ||
|---|---|---|---|
| 001 | 30373 | ||
| 003 | |||
| 040 | |||
| 020 | |a 92-1-351131-0 | ||
| 090 | |a 194800 | ||
| 110 | |a NU. Departamento de Asuntos Económicos y Sociales. División de Población | ||
| 245 | |a Población, derechos reproductivos y salud reproductiva, con special refeencia al VIH SIDA: informe conciso | ||
| 260 | |a Nueva York: |b NU | ||
| 300 | |a 108 p. | ||
| 650 | |a SALUD REPRODUCTIVA | ||
| 650 | |a DERECHOS REPRODUCTIVOS | ||
| 650 | |a ENFERMEDADES DE TRANSMISION SEXUAL | ||
| 650 | |a FECUNDIDAD | ||
| 650 | |a INDICADORES DE SALUD | ||
| 999 | |c 14393 |d 14393 | ||



